00279nam a22001217a 4500020001800000082001500018100002200033245003200055250000800087260002100095300001000116650003100126 a9788123904122 a670.42 CHA aChapman, W. A. J. aWorkshop technology, part 3 a3rd aIndiabCBSc1995 a675 P aWorkshop Technology Part 3